Indian Superstitions and Traditions : An Ancient Science (Record no. 12887)
[ view plain ]
| 000 -LEADER | |
|---|---|
| fixed length control field | 00374nam a22001457a 4500 |
| 003 - CONTROL NUMBER IDENTIFIER | |
| control field | OSt |
| 008 - FIXED-LENGTH DATA ELEMENTS--GENERAL INFORMATION | |
| fixed length control field | 240831b |||||||| |||| 00| 0 eng d |
| 020 ## - INTERNATIONAL STANDARD BOOK NUMBER | |
| International Standard Book Number | 9781636334233 |
| 082 ## - DEWEY DECIMAL CLASSIFICATION NUMBER | |
| Classification number | 304.954 |
| Item number | BAI |
| 100 ## - MAIN ENTRY--PERSONAL NAME | |
| Personal name | BAVDA, Akshay |
| 245 ## - TITLE STATEMENT | |
| Title | Indian Superstitions and Traditions : An Ancient Science |
| 260 ## - PUBLICATION, DISTRIBUTION, ETC. (IMPRINT) | |
| Place of publication, distribution, etc | Chennai: |
| Name of publisher, distributor, etc | Notion Press, |
| 300 ## - PHYSICAL DESCRIPTION | |
| Extent | 77p. |
| 942 ## - ADDED ENTRY ELEMENTS (KOHA) | |
| Source of classification or shelving scheme | Dewey Decimal Classification |
| Koha item type | Text Books |
| Withdrawn status | Lost status | Source of classification or shelving scheme | Damaged status | Not for loan | Collection code | Home library | Current library | Date acquired | Source of acquisition | Currency | Cost, normal purchase price | Bill Number | Total Checkouts | Full call number | Acc. no. / Barcode | Date last seen | Actual Cost, discounted price | Bill Date | Koha item type |
|---|---|---|---|---|---|---|---|---|---|---|---|---|---|---|---|---|---|---|---|
| Dewey Decimal Classification | IKS- Indian Knowledge System | PIET C-LIBRARY | PIET C-LIBRARY | 31/08/2024 | Zafaa Books and Distributors | INR | 173.00 | ZBD0153 | 304.954 BAI | 38424 | 31/08/2024 | 164.35 | 24/08/2024 | Text Books |